000 02497nam a2200253Ia 4500
999 _c52697
_d52697
001 19722
003 GE_BSU
005 20200409190603.0
008 181216s2017||||ge |||||||||||||| ||geo||
040 _cGE_BSU
041 _ageo
080 _a342.4 ჯ-20
100 _aჯანაშვილი, ლელა
_97879
245 _aსაქართველოს ტერიტორიული მოწყობის პრობლემათა გადაწყვეტის გზები ბელგიისა და ესპანეთის ტერიტორიული მოწყობის შედარებით-სამართლებრივი ანალიზის ფონზე = The Ways of Solving Problems of Territorial Organization of Georgia Through the Comparative- Legal Analysis of Territorial Organization of Belgium and Spain /
_cლელა ჯანაშვილი ; გიორგი გოგიაშვილი.
264 _aთბილისი :
_bგ.გ.,
_c2017.
300 _a231გვ. ;
_c19 სმ.
500 _aკვლევა განხორციელდა შოთა რუსთაველის ეროვნული სამეცნიერო ფონდის ფუნდამენტალური კვლევების სამეცნიერო გრანტის ფარგლებში
653 _aსამართალი
653 _aსაქართველოს ტერიტორიული მოწყობის პრობლემათა გადაწყვეტის გზები ბელგიისა და ესპანეთის ტერიტორიული მოწყობის შედარებით-სამართლებრივი ანალიზი
700 _aგოგიაშვილი, გიორგი
_eავტორი
_97880
710 _aბარსელონას ავტონომიური უნივერსიტეტის საჯარო სამართლისა და პოლიტიკურ მეცნიერებათა დეპარტამენტი
_97881
710 _a ბრიუსელის თავისუფალი უნივერსიტეტის პოლიტიკურ მეცნიერებათა დეპარტამენტი
_97882
942 _cBK
_2udc